000 00320nam a2200133Ia 4500
008 150201s2010 xx 000 0 und d
082 _a612
_bP10C
100 _aCHANDRAMAULI,R
245 _aTB OF PHYSIOLOGY
250 _a3RD
260 _bJAYPEE BROTHERS
_aDELHI
_c2010
650 _aHUMAN PHYSIOLOGY
942 _2ddc
_cBK
_089
999 _c998
_d998